History Quiz

Random History or Famous Quiz

Famous Historical 'D' First Names Quiz Stats

 Plays Quiz Updated Aug 8, 2014

Support Sporcle.
Go Orange.
Score 0/30 Timer 05:00
5 Plays Today
% Correct
Dolly
95.7%
Dwight
95.3%
Dick
94.2%
Dustin
93.7%
Diana
92.5%
Duke
90.7%
Dean
90.4%
Desmond
89.9%
Douglas
86.8%
Donald
86.6%
Danielle
85.9%
Daryl
85.3%
Daniel
84.6%
Diego
83.9%
Dmitri
83.7%
% Correct
Dudley
83.4%
Dante
81.7%
Derek
79.3%
Dale
79.3%
Deborah
78.1%
Dylan
77%
Donatello
75.9%
Donatella
74.5%
Dietrich
74.3%
Dag
69.6%
Daphne
64.6%
Desiderius
64.4%
Didier
61.4%
Darren
52%
Denis
39.1%

You're not logged in!

Compare scores with friends on all Sporcle quizzes.
OR
Log In

From the Vault

25 Facts About Benjamin Franklin

by El_Dandy

It's all about the Benjamins.
Remove Ads.
Support Sporcle.
Get the best of Sporcle when you Go Orange. This ad-free experience offers more features, more stats, and more fun while also helping to support Sporcle. Thank you for becoming a member.

Show Comments

Extras

Top Quizzes Today


Score Distribution

Your Account Isn't Verified!

In order to create a playlist on Sporcle, you need to verify the email address you used during registration. Go to your Sporcle Settings to finish the process.

Report this User

Report this user for behavior that violates our Community Guidelines.

Details: